Tipos Weiss : antigua, cursiva, seminegra, iniciales / Fundición Tipográfica Neufville antigua, cursiva, seminegra, iniciales / Fundición Tipográfica Neufville
Descripción Física:
[30] p., [1] f. de làm. : il. ; 27 cm
MARC
| LEADER | 00000nam a2200000Ia 4500 | ||
|---|---|---|---|
| 001 | 13897 | ||
| 008 | 160829s1932 xx 000 0 cat d | ||
| 080 | |a RF-9-8 | ||
| 245 | |a Tipos Weiss : |b antigua, cursiva, seminegra, iniciales / Fundición Tipográfica Neufville | ||
| 260 | |a Barcelona ; Madrid : |b la Fundición, |c 1932 | ||
| 300 | |a [30] p., [1] f. de làm. : |b il. ; |c 27 cm | ||
| 590 | |a Dibuix original de: E.R. Weiss | ||
| 610 | 2 | 0 | |a Neufville (Firma) |9 55776 |
| 650 | |a Weiss, E. R. |9 38700 | ||
| 650 | 0 | |a Tipus d'impremta |9 30279 | |
| 650 | |a Composició tipogràfica |9 38867 | ||
| 710 | 2 | |a Neufville (Firma) |9 55776 | |
| 856 | 4 | |u https://media.diba.cat/diba/fitxers/arxiu/fulletons/bib_13897_1932_baixa.pdf |y Accés lliure | |
| 856 | 4 | |u https://media.diba.cat/diba/fitxers/arxiu/fulletons/bib_13897_1932_baixa.pdf |y Accés lliure | |
| 901 | |a Arxiu | ||
| 942 | |n 1 |2 udc | ||
| 952 | |0 0 |1 0 |4 0 |6 RF98 |7 1 |9 48542 |a Arxiu |b Arxiu |d 2016-12-01 |l 0 |o RF-9-8 |p 13897 |r 2016-12-01 00:00:00 |w 2016-12-01 |y ARXIU | ||
| 999 | |c 52371 |d 52371 | ||
| 900 | |a bib_13897_1932_baixa.pdf | ||